000 00283nam a22001337a 4500
008 171027b xxu||||| |||| 00| 0 eng d
020 _a9780534491246
041 _aeng
080 _27TH
_a311
100 _a55
101 _aSTA
245 _aSTATISTICS
_cKELLER,G
942 _2udc
_cBK
999 _c36025
_d36025